AH International Schools' Libraries

The King of the Sea (Khmer and English) / (Record no. 48602)

MARC details
000 -LEADER
fixed length control field 00425nam a2200121 4500
020 ## - INTERNATIONAL STANDARD BOOK NUMBER
International Standard Book Number 9789924370437
100 ## - MAIN ENTRY--PERSONAL NAME
Personal name Soeun, Sauphorn,
Relator term author.
9 (RLIN) 83682
245 ## - TITLE STATEMENT
Title The King of the Sea (Khmer and English) /
Statement of responsibility, etc written by Soeun, Sauphorn, Illustrated by Sauphorn.
260 ## - PUBLICATION, DISTRIBUTION, ETC. (IMPRINT)
Place of publication, distribution, etc Phnom Penh, Cambodia :
Name of publisher, distributor, etc Fount of Wisdom Publishing House Organization ;
Date of publication, distribution, etc 2023.
300 ## - PHYSICAL DESCRIPTION
Extent 21 pages.
650 ## - SUBJECT ADDED ENTRY--TOPICAL TERM
9 (RLIN) 72547
Topical term or geographic name as entry element Bullying
942 ## - ADDED ENTRY ELEMENTS (KOHA)
Source of classification or shelving scheme
Koha item type Book
Holdings
Withdrawn status Lost status Source of classification or shelving scheme Damaged status Not for loan Home library Current library Date acquired Total Checkouts Total Renewals Full call number Barcode Date last seen Date checked out Price effective from Koha item type
          Logos International School Logos International School 03/17/2025 4 1 KHMER E SOE 040516 11/28/2025 11/12/2025 03/17/2025 Book

For any Logos Library related questions please contact Miss Art at swongnarasuk@asianhope.org.

For any Asian Hope Library related questions please contact Miss Raza at graza@asianhope.org.

Powered by Koha